Roof slating and tiling. (Record no. 101296)

MARC details
000 -LEADER
fixed length control field 00663cam a2200241 4500
008 - FIXED-LENGTH DATA ELEMENTS--GENERAL INFORMATION
fixed length control field 000000n2001 000 0 eng u
020 ## - INTERNATIONAL STANDARD BOOK NUMBER
International Standard Book Number 1873394462
035 ## - SYSTEM CONTROL NUMBER
System control number (Sirsi) u111855
050 ## - LIBRARY OF CONGRESS CALL NUMBER
Classification number 695.2
100 ## - MAIN ENTRY--PERSONAL NAME
Personal name Bennett, Frank
100 ## - MAIN ENTRY--PERSONAL NAME
Personal name Pinion, Alfred
245 ## - TITLE STATEMENT
Title Roof slating and tiling.
260 ## - PUBLICATION, DISTRIBUTION, ETC.
Place of publication, distribution, etc. Donhead St Mary, Dorset
Name of publisher, distributor, etc. Donhead
Date of publication, distribution, etc. 2001
300 ## - PHYSICAL DESCRIPTION
Extent 331p. ; 24cm.
350 ## - PRICE (NR) (BK AM CF MU VM SE) [OBSOLETE]
Price 45.00
520 ## - SUMMARY, ETC.
Summary, etc. Facsimile reprint of 1935 edition.
650 ## - SUBJECT ADDED ENTRY--TOPICAL TERM
Topical term or geographic name entry element BUILT ENVIRONMENT-BUILDING ELEMENTS-COMPLETE BUILDING ELEMENTS-ROOFS
650 ## - SUBJECT ADDED ENTRY--TOPICAL TERM
Topical term or geographic name entry element ROOFING
650 ## - SUBJECT ADDED ENTRY--TOPICAL TERM
Topical term or geographic name entry element SLATES
650 ## - SUBJECT ADDED ENTRY--TOPICAL TERM
Topical term or geographic name entry element TILING
690 ## - LOCAL SUBJECT ADDED ENTRY--TOPICAL TERM (OCLC, RLIN)
Topical term or geographic name as entry element BUILDING CONSERVATION
942 ## - ADDED ENTRY ELEMENTS (KOHA)
Suppress in OPAC 0
Holdings
Withdrawn status Lost status Source of classification or shelving scheme Damaged status Not for loan Home library Current library Shelving location Date acquired Cost, normal purchase price Total Checkouts Full call number Barcode Date last seen Date last checked out Copy number Cost, replacement price Price effective from Koha item type
    Dewey Decimal Classification     London London Books 17/04/2001 38.25 11 695.2 BEN 30064039 06/08/2019 09/12/2009 1 38.25 06/08/2019 Book